Rayito de sol cuenta su experiencia: manual de capacitación del educador preescolar de comunidad
Saved in:
| Format: | Bog |
|---|---|
| Sprog: | spansk |
| Udgivet: |
Santiago
OREALC
1984
Santiago UNESCO 1984 |
| Serier: | Proyecto Principal de Educación en América Latina y El Caribe
|
| Fag: | |
| Tags: |
Tilføj Tag
Ingen Tags, Vær først til at tagge denne postø!
|
MARC
| LEADER | 00000nam a2200000 a 4500 | ||
|---|---|---|---|
| 001 | UCU1654 | ||
| 003 | CL-VaPUC | ||
| 008 | 960409e19840000CL |||||||||||||||||spa|d | ||
| 082 | 0 | 4 | |a 372.21 |b RAY |2 21 |
| 245 | 1 | 0 | |a Rayito de sol cuenta su experiencia: manual de capacitación del educador preescolar de comunidad |
| 300 | |a 64 p | ||
| 942 | |c BK | ||
| 945 | |d 19960409 00:00:00 |a cmena | ||
| 260 | |a Santiago |b OREALC |c 1984 | ||
| 260 | |a Santiago |b UNESCO |c 1984 | ||
| 650 | 0 | |a Educación preescolar |9 260381 | |
| 650 | 7 | |a ROL DE LOS PADRES |2 CL-VaPUC |9 338980 | |
| 650 | 7 | |a EDUCADOR DE PARVULOS |2 CL-VaPUC |9 339207 | |
| 650 | 0 | |a Rol del docente |9 329733 | |
| 583 | |a last modification |c 20130417 10:43:40 |k Rodrigo Vera | ||
| 490 | 0 | |a Proyecto Principal de Educación en América Latina y El Caribe | |
| 999 | |c 246201 |d 246199 | ||
| 952 | |0 0 |1 0 |4 0 |6 372_210000000000000_RAY_1984_1984 |7 0 |8 P |9 260954 |a BIBEDU |b BIBEDU |c BIBEDU_PB |d 2019-11-19 |i 2016737 |o 372.21 RAY 1984 1984 |p 2016737 |r 2024-01-25 |w 2019-11-19 |y BK |k EDU | ||
| 952 | |0 0 |1 0 |4 0 |6 372_210000000000000_RAY_1984_1984 |7 0 |8 P |9 260955 |a BIBEDU |b BIBEDU |c BIBEDU_PB |d 2019-11-19 |i 2016745 |o 372.21 RAY 1984 1984 |p 2016745 |r 2024-01-25 |w 2019-11-19 |y BK |k EDU | ||